00306nam a22001097a 4500020001500000040000900015082001800024100002000042245005000062260003400112650005000146 a0789715430 cNust a005.44bMIL'U aMichael Miller  aUsing Microsoft windows 98 Preview edition  aUSA:bQUE Corporation,c1998. aUsing Microsoft windows 98 Preview edition